000 01044nam a22002897a 4500
003 OSt
005 20260326085522.0
008 260326b |||||||| |||| 00| 0 eng d
020 _a0671414925
040 _cPOCKET BOOKS
041 _aeng.
050 _aPR 6005 .C47 1963
_b.C47 1963
100 _aChristie, Agatha,
245 _aThe ABC murders /
_cAgatha Christie.
250 _a8TH EDITION
260 _aNew York, NY :
_bPocket Books,
_c1963.
300 _a246 pages ;
_c18 cm.
490 _aHercule Poirot mystery series
_v(Pocket Books #88)
500 _aIn this classic detective novel, Hercule Poirot investigates a disturbing series of murders in alphabetical order, with cryptic clues left at each scene.
650 _aDetective and mystery fiction.
650 _aPoirot, Hercule (Fictitious character)
_vFiction.
650 _aSerial murders
_vFiction
655 _2lcgft
_aMystery fiction.
700 _aRandom House (Firm)
_e distributor.
830 _aHercule Poirot mystery series.
942 _2lcc
_cBK
_e2nd ed.
_n0
999 _c10005
_d10005